[Event "MPJ_D16"]
[Site "?"]
[Date "2016.03.15"]
[Round "3.10"]
[White "Ossolinska, Matylda"]
[Black "Gredka, Dominika"]
[Result "1/2-1/2"]
[BlackElo "1690"]
[WhiteElo "1613"]
[LiveChessVersion "1.4.8"]

1. e4 {[%clk 1:30:55]} e5 {[%clk 1:30:57]} 2. Nf3 {[%clk 1:31:12]} d6
{[%clk 1:31:23]} 3. d4 {[%clk 1:31:31]} exd4 {[%clk 1:31:49]} 4. Nxd4
{[%clk 1:31:39]} Nf6 {[%clk 1:32:14]} 5. Nc3 {[%clk 1:31:19]} Be7
{[%clk 1:32:34]} 6. g3 {[%clk 1:30:25]} O-O {[%clk 1:31:54]} 7. Bg2
{[%clk 1:28:57]} Re8 {[%clk 1:28:16]} 8. O-O {[%clk 1:26:33]} c6 {[%clk 1:26:16]}
9. a4 {[%clk 1:15:23]} a5 {[%clk 1:25:34]} 10. b3 {[%clk 1:11:57]} Bf8
{[%clk 1:16:13]} 11. Re1 {[%clk 1:07:05]} Nbd7 {[%clk 1:08:42]} 12. Ba3
{[%clk 0:58:12]} Ne5 {[%clk 0:40:30]} 13. f4 {[%clk 0:52:01]} Ned7
{[%clk 0:39:31]} 14. h3 {[%clk 0:45:34]} Qc7 {[%clk 0:28:05]} 15. Qd2
{[%clk 0:42:19]} Nc5 {[%clk 0:24:58]} 16. Kh2 {[%clk 0:36:47]} Bd7
{[%clk 0:20:25]} 17. Re2 {[%clk 0:27:44]} Rad8 {[%clk 0:20:02]} 18. Qe1
{[%clk 0:25:56]} Ne6 {[%clk 0:17:10]} 19. Nxe6 {[%clk 0:22:38]} Bxe6
{[%clk 0:17:33]} 20. Qf2 {[%clk 0:20:32]} Bc8 {[%clk 0:12:17]} 21. Rae1
{[%clk 0:18:33]} Nd7 {[%clk 0:11:05]} 22. Kh1 {[%clk 0:16:56]} b6
{[%clk 0:07:45]} 23. Rd2 {[%clk 0:13:41]} Nc5 {[%clk 0:07:26]} 24. Bb2
{[%clk 0:11:42]} Bb7 {[%clk 0:06:21]} 25. Red1 {[%clk 0:10:35]} Rd7
{[%clk 0:04:50]} 26. h4 {[%clk 0:09:08]} Rde7 {[%clk 0:02:02]} 27. Rxd6
{[%clk 0:06:25]} Rxe4 {[%clk 0:01:51]} 28. Nxe4 {[%clk 0:05:37]} Nxe4
{[%clk 0:02:15]} 29. Bxe4 {[%clk 0:05:56]} Bxd6 {[%clk 0:02:25]} 30. Qd4
{[%clk 0:05:53]} f6 {[%clk 0:01:23]} 31. Qxd6 {[%clk 0:02:20]} Qxd6
{[%clk 0:01:39]} 32. Rxd6 {[%clk 0:02:30]} Rxe4 {[%clk 0:01:55]} 33. Rd8+
{[%clk 0:02:51]} Kf7 {[%clk 0:02:20]} 34. Rd7+ {[%clk 0:03:09]} Re7
{[%clk 0:02:26]} 35. Rxe7+ {[%clk 0:03:15]} Kxe7 {[%clk 0:02:49]} 36. Kg1
{[%clk 0:03:25]} Kd6 {[%clk 0:01:32]} 37. Kf2 {[%clk 0:03:37]} b5
{[%clk 0:01:08]} 38. axb5 {[%clk 0:02:53]} cxb5 {[%clk 0:01:34]} 39. Ke3
{[%clk 0:02:42]} Kd5 {[%clk 0:01:28]} 40. Kd3 {[%clk 0:32:06]} Ba6
{[%clk 0:30:46]} 41. Ke3 {[%clk 0:30:38]} Bc8 {[%clk 0:30:36]} 42. Ba3
{[%clk 0:22:01]} Bf5 {[%clk 0:18:49]} 43. Kd2 {[%clk 0:20:20]} Be4
{[%clk 0:16:20]} 44. Bf8 {[%clk 0:17:40]} g6 {[%clk 0:16:14]} 45. Be7
{[%clk 0:15:18]} Ke6 {[%clk 0:09:34]} 46. Bd8 {[%clk 0:13:28]} a4
{[%clk 0:09:58]} 47. bxa4 {[%clk 0:13:19]} bxa4 {[%clk 0:10:25]} 48. c4
{[%clk 0:10:42]} f5 {[%clk 0:08:15]} 49. Kc3 {[%clk 0:09:23]} Kd6
{[%clk 0:08:33]} 50. Kb4 {[%clk 0:08:41]} Bd3 {[%clk 0:03:55]} 1/2-1/2

[Event "MPJ_D16"]
[Site "?"]
[Date "2016.03.15"]
[Round "3.11"]
[White "Szelag, Zuzanna"]
[Black "Pedrak, Paulina"]
[Result "1-0"]
[BlackElo "1610"]
[WhiteElo "1688"]
[LiveChessVersion "1.4.8"]

1. e4 {[%clk 1:30:57]} c5 {[%clk 1:30:54]} 2. Nf3 {[%clk 1:31:23]} e6
{[%clk 1:31:19]} 3. d4 {[%clk 1:31:41]} cxd4 {[%clk 1:30:50]} 4. Nxd4
{[%clk 1:32:04]} a6 {[%clk 1:30:02]} 5. Bd3 {[%clk 1:32:11]} Qc7 {[%clk 1:29:02]}
6. O-O {[%clk 1:31:38]} Nf6 {[%clk 1:26:20]} 7. Qe2 {[%clk 1:29:57]} Be7
{[%clk 1:25:23]} 8. c4 {[%clk 1:23:23]} d6 {[%clk 1:19:41]} 9. Nc3
{[%clk 1:23:31]} Nbd7 {[%clk 1:17:31]} 10. f4 {[%clk 1:22:45]} b6
{[%clk 1:09:59]} 11. Kh1 {[%clk 1:20:38]} Bb7 {[%clk 1:02:57]} 12. Bd2
{[%clk 1:20:31]} Nc5 {[%clk 0:58:48]} 13. Bc2 {[%clk 1:19:30]} O-O
{[%clk 0:54:57]} 14. e5 {[%clk 1:15:34]} Ne8 {[%clk 0:52:05]} 15. Rae1
{[%clk 1:07:11]} g6 {[%clk 0:39:33]} 16. Nf3 {[%clk 0:42:17]} Ng7
{[%clk 0:37:04]} 17. exd6 {[%clk 0:34:07]} Qxd6 {[%clk 0:36:12]} 18. Ne5
{[%clk 0:32:57]} Bf6 {[%clk 0:32:10]} 19. b4 {[%clk 0:28:39]} Nd7
{[%clk 0:31:15]} 20. Be4 {[%clk 0:23:23]} Bxe5 {[%clk 0:29:02]} 21. Bxb7
{[%clk 0:22:32]} Bxc3 {[%clk 0:29:11]} 22. Bxc3 {[%clk 0:21:00]} Ra7
{[%clk 0:29:06]} 23. Rd1 {[%clk 0:19:33]} Qc7 {[%clk 0:28:57]} 24. Bf3
{[%clk 0:18:35]} Rc8 {[%clk 0:28:10]} 25. Qb2 {[%clk 0:15:49]} Ne8
{[%clk 0:25:34]} 26. Be2 {[%clk 0:15:13]} a5 {[%clk 0:23:36]} 27. b5
{[%clk 0:14:08]} Nc5 {[%clk 0:23:30]} 28. Be5 {[%clk 0:14:24]} Qe7
{[%clk 0:23:35]} 29. Bf3 {[%clk 0:14:05]} f6 {[%clk 0:19:07]} 30. Bd4
{[%clk 0:14:02]} Na4 {[%clk 0:18:53]} 31. Qe2 {[%clk 0:14:03]} Ng7
{[%clk 0:18:08]} 32. Rfe1 {[%clk 0:13:54]} Kf7 {[%clk 0:16:58]} 33. Be4
{[%clk 0:11:53]} Rac7 {[%clk 0:13:57]} 34. Bd3 {[%clk 0:11:38]} Nc5
{[%clk 0:11:23]} 35. Bc2 {[%clk 0:11:59]} Rd7 {[%clk 0:09:28]} 36. Rd2
{[%clk 0:11:08]} Rdc7 {[%clk 0:08:35]} 37. Red1 {[%clk 0:10:50]} Ke8
{[%clk 0:08:04]} 38. h3 {[%clk 0:09:41]} Nd7 {[%clk 0:07:29]} 39. Bg1
{[%clk 0:07:22]} Kf7 {[%clk 0:01:37]} 40. Be4 {[%clk 0:36:53]} Nf5
{[%clk 0:30:57]} 41. Bf2 {[%clk 0:35:22]} Nc5 {[%clk 0:26:20]} 42. Bc6
{[%clk 0:32:08]} Qf8 {[%clk 0:22:15]} 43. Kh2 {[%clk 0:29:50]} Ne7
{[%clk 0:21:55]} 44. Bxc5 {[%clk 0:28:47]} bxc5 {[%clk 0:22:05]} 45. Rd6
{[%clk 0:28:21]} e5 {[%clk 0:21:59]} 46. fxe5 {[%clk 0:27:46]} fxe5
{[%clk 0:22:07]} 47. Rf1+ {[%clk 0:27:11]} Nf5 {[%clk 0:22:20]} 48. Qxe5
{[%clk 0:27:13]} Qe7 {[%clk 0:21:48]} 49. Bd5+ {[%clk 0:27:21]} Kf8
{[%clk 0:22:00]} 50. Qh8# {[%clk 0:27:46]} 1-0

[Event "MPJ_D16"]
[Site "?"]
[Date "2016.03.15"]
[Round "3.12"]
[White "Samujlo, Agnieszka"]
[Black "Kindler, Karolina"]
[Result "0-1"]
[BlackElo "1597"]
[WhiteElo "1637"]
[LiveChessVersion "1.4.8"]

1. e4 {[%clk 1:30:58]} c5 {[%clk 1:30:56]} 2. Nf3 {[%clk 1:31:23]} e6
{[%clk 1:31:21]} 3. d4 {[%clk 1:31:44]} cxd4 {[%clk 1:31:47]} 4. Nxd4
{[%clk 1:32:09]} Nf6 {[%clk 1:32:12]} 5. Bd3 {[%clk 1:32:31]} d6 {[%clk 1:32:37]}
6. Nc3 {[%clk 1:32:54]} Be7 {[%clk 1:33:01]} 7. O-O {[%clk 1:33:16]} O-O
{[%clk 1:33:26]} 8. Be3 {[%clk 1:33:35]} a6 {[%clk 1:33:51]} 9. a4
{[%clk 1:33:59]} Nc6 {[%clk 1:34:09]} 10. Qe2 {[%clk 1:33:10]} Qc7
{[%clk 1:31:58]} 11. f3 {[%clk 1:33:00]} b6 {[%clk 1:26:03]} 12. Nb3
{[%clk 1:32:12]} Nd7 {[%clk 1:25:26]} 13. Rfd1 {[%clk 1:29:25]} Nc5
{[%clk 1:24:17]} 14. Qf2 {[%clk 1:28:29]} Bd7 {[%clk 1:07:39]} 15. Nd4
{[%clk 1:19:45]} Bf6 {[%clk 1:02:02]} 16. Nxc6 {[%clk 1:14:41]} Qxc6
{[%clk 0:59:56]} 17. Bd4 {[%clk 1:13:47]} Bxd4 {[%clk 0:55:30]} 18. Qxd4
{[%clk 1:14:09]} Rfd8 {[%clk 0:53:59]} 19. Be2 {[%clk 1:09:56]} Be8
{[%clk 0:54:05]} 20. Kh1 {[%clk 1:09:25]} Qc7 {[%clk 0:50:26]} 21. Qd2
{[%clk 1:07:50]} Bc6 {[%clk 0:49:15]} 22. Bd3 {[%clk 1:06:55]} Nxd3
{[%clk 0:49:13]} 23. cxd3 {[%clk 1:07:10]} d5 {[%clk 0:49:06]} 24. Qc2
{[%clk 1:05:56]} Rac8 {[%clk 0:48:20]} 25. Ne2 {[%clk 1:03:36]} Qb7
{[%clk 0:45:54]} 26. Nd4 {[%clk 1:00:11]} Be8 {[%clk 0:43:00]} 27. Qf2
{[%clk 0:56:15]} Rc7 {[%clk 0:41:49]} 28. b3 {[%clk 0:53:28]} Rdc8
{[%clk 0:40:55]} 29. Qb2 {[%clk 0:52:16]} b5 {[%clk 0:31:46]} 30. axb5
{[%clk 0:50:03]} Bxb5 {[%clk 0:32:09]} 31. Nxb5 {[%clk 0:49:15]} axb5
{[%clk 0:31:12]} 32. Rac1 {[%clk 0:48:31]} Rc6 {[%clk 0:31:23]} 33. Rxc6
{[%clk 0:43:01]} Qxc6 {[%clk 0:31:43]} 34. h3 {[%clk 0:41:55]} h6
{[%clk 0:30:35]} 35. Kg1 {[%clk 0:40:43]} Qc2 {[%clk 0:29:15]} 36. Rd2
{[%clk 0:38:16]} Qxb2 {[%clk 0:29:18]} 37. Rxb2 {[%clk 0:38:41]} Rc3
{[%clk 0:29:42]} 38. Kf2 {[%clk 0:38:01]} Rxd3 {[%clk 0:30:05]} 39. Ke2
{[%clk 0:38:10]} dxe4 {[%clk 0:30:10]} 40. fxe4 {[%clk 1:07:59]} Rc3
{[%clk 1:00:28]} 41. b4 {[%clk 1:07:31]} g5 {[%clk 1:00:09]} 42. Kd2
{[%clk 1:07:15]} Rg3 {[%clk 1:00:33]} 0-1

[Event "MPJ_D16"]
[Site "?"]
[Date "2016.03.15"]
[Round "3.13"]
[White "Borkowska, Zuzanna"]
[Black "Stebel, Agata"]
[Result "1-0"]
[BlackElo "1856"]
[WhiteElo "1465"]
[LiveChessVersion "1.4.8"]

1. e4 {[%clk 1:30:57]} d6 {[%clk 1:30:54]} 2. d4 {[%clk 1:31:13]} Nf6
{[%clk 1:31:17]} 3. Nc3 {[%clk 1:31:36]} g6 {[%clk 1:31:42]} 4. Bg5
{[%clk 1:31:57]} Bg7 {[%clk 1:24:44]} 5. Qd2 {[%clk 1:31:26]} c6 {[%clk 1:21:08]}
6. f4 {[%clk 1:31:00]} b5 {[%clk 1:14:04]} 7. e5 {[%clk 1:29:45]} dxe5
{[%clk 1:10:57]} 8. fxe5 {[%clk 1:30:02]} Nd5 {[%clk 1:09:53]} 9. Ne4
{[%clk 1:29:30]} O-O {[%clk 1:06:22]} 10. O-O-O {[%clk 1:28:26]} Nd7
{[%clk 0:59:18]} 11. g4 {[%clk 1:23:50]} N7b6 {[%clk 0:55:31]} 12. Be2
{[%clk 1:21:19]} Nc4 {[%clk 0:53:27]} 13. Bxc4 {[%clk 1:21:22]} bxc4
{[%clk 0:53:47]} 14. h3 {[%clk 1:20:48]} c3 {[%clk 0:45:02]} 15. Nxc3
{[%clk 1:17:03]} Be6 {[%clk 0:41:44]} 16. Nge2 {[%clk 1:15:16]} Rb8
{[%clk 0:37:40]} 17. Bh6 {[%clk 1:11:34]} Qa5 {[%clk 0:30:14]} 18. Nxd5
{[%clk 1:06:36]} Qxd5 {[%clk 0:29:02]} 19. Nc3 {[%clk 1:04:54]} Bxh6
{[%clk 0:23:49]} 20. Qxh6 {[%clk 1:04:51]} Qa5 {[%clk 0:23:34]} 21. Qe3
{[%clk 0:53:52]} Bxa2 {[%clk 0:21:53]} 22. Nxa2 {[%clk 0:53:22]} Qxa2
{[%clk 0:22:16]} 23. Qa3 {[%clk 0:53:36]} Qd5 {[%clk 0:20:11]} 24. Qxe7
{[%clk 0:50:07]} Rb5 {[%clk 0:19:25]} 25. h4 {[%clk 0:42:46]} Rfb8
{[%clk 0:18:32]} 26. b3 {[%clk 0:40:06]} Qf3 {[%clk 0:15:44]} 27. Rhf1
{[%clk 0:36:16]} Qe3+ {[%clk 0:15:06]} 28. Rd2 {[%clk 0:36:16]} R5b7
{[%clk 0:14:59]} 29. Qg5 {[%clk 0:35:47]} Qc3 {[%clk 0:14:43]} 30. Kd1
{[%clk 0:34:34]} a5 {[%clk 0:12:34]} 31. Rd3 {[%clk 0:33:55]} Qb4
{[%clk 0:12:07]} 32. Qd2 {[%clk 0:32:57]} Qb5 {[%clk 0:11:28]} 33. h5
{[%clk 0:32:18]} a4 {[%clk 0:10:53]} 34. bxa4 {[%clk 0:31:43]} Qxa4
{[%clk 0:10:23]} 35. hxg6 {[%clk 0:31:51]} fxg6 {[%clk 0:10:13]} 36. g5
{[%clk 0:31:26]} Rb1+ {[%clk 0:09:22]} 37. Ke2 {[%clk 0:31:49]} R1b2
{[%clk 0:09:24]} 38. Rc3 {[%clk 0:30:43]} Qb5+ {[%clk 0:09:03]} 39. Qd3
{[%clk 0:30:56]} Qxd3+ {[%clk 0:06:10]} 40. Kxd3 {[%clk 1:01:10]} 1-0

[Event "MPJ_D16"]
[Site "?"]
[Date "2016.03.15"]
[Round "3.14"]
[White "Cieslak, Wiktoria"]
[Black "Trembowiecka-wysota, Aleksandra"]
[Result "1-0"]
[BlackElo "1503"]
[WhiteElo "1904"]
[LiveChessVersion "1.4.8"]

1. e4 {[%clk 1:30:57]} c5 {[%clk 1:30:57]} 2. Nf3 {[%clk 1:31:20]} Nc6
{[%clk 1:31:13]} 3. d4 {[%clk 1:31:42]} cxd4 {[%clk 1:31:38]} 4. Nxd4
{[%clk 1:32:04]} Nf6 {[%clk 1:31:45]} 5. Nc3 {[%clk 1:32:26]} d6 {[%clk 1:32:06]}
6. Bg5 {[%clk 1:32:24]} e6 {[%clk 1:31:35]} 7. Qd2 {[%clk 1:31:46]} h6
{[%clk 1:27:49]} 8. Bxf6 {[%clk 1:30:16]} Qxf6 {[%clk 1:28:05]} 9. Ndb5
{[%clk 1:30:25]} Qd8 {[%clk 1:25:44]} 10. O-O-O {[%clk 1:30:41]} a6
{[%clk 1:25:39]} 11. Nxd6+ {[%clk 1:30:38]} Bxd6 {[%clk 1:26:04]} 12. Qxd6
{[%clk 1:31:04]} Qxd6 {[%clk 1:26:31]} 13. Rxd6 {[%clk 1:31:27]} Ke7
{[%clk 1:26:51]} 14. Rd2 {[%clk 1:31:31]} b5 {[%clk 1:26:22]} 15. Be2
{[%clk 1:30:34]} Rd8 {[%clk 1:18:58]} 16. Rhd1 {[%clk 1:30:05]} Rxd2
{[%clk 1:18:33]} 17. Rxd2 {[%clk 1:30:25]} Bb7 {[%clk 1:18:00]} 18. f4
{[%clk 1:22:43]} g5 {[%clk 1:11:13]} 19. f5 {[%clk 1:13:42]} Ne5 {[%clk 1:08:00]}
20. fxe6 {[%clk 1:10:51]} fxe6 {[%clk 1:08:21]} 21. Bd3 {[%clk 1:01:39]} Rf8
{[%clk 1:05:48]} 22. h3 {[%clk 0:57:42]} g4 {[%clk 0:56:46]} 23. hxg4
{[%clk 0:51:51]} Nxg4 {[%clk 0:57:09]} 24. Nd1 {[%clk 0:52:09]} Rf4
{[%clk 0:56:20]} 25. Re2 {[%clk 0:51:57]} Rf1 {[%clk 0:53:09]} 26. Kd2
{[%clk 0:51:24]} Rf4 {[%clk 0:51:25]} 27. Kc3 {[%clk 0:48:22]} e5
{[%clk 0:48:25]} 28. Kb4 {[%clk 0:45:23]} Nf6 {[%clk 0:45:45]} 29. Nf2
{[%clk 0:44:08]} Kd6 {[%clk 0:43:06]} 30. a4 {[%clk 0:42:43]} Nd5+
{[%clk 0:43:19]} 31. Ka5 {[%clk 0:41:41]} Kc5 {[%clk 0:41:29]} 32. g3
{[%clk 0:41:30]} Ne7 {[%clk 0:41:16]} 33. b4+ {[%clk 0:41:54]} 1-0

[Event "MPJ_D16"]
[Site "?"]
[Date "2016.03.15"]
[Round "3.15"]
[White "Szulc, Patrycja"]
[Black "Zamarska, Sylwia"]
[Result "1/2-1/2"]
[BlackElo "1605"]
[WhiteElo "1692"]
[LiveChessVersion "1.4.8"]

1. e4 {[%clk 1:30:58]} c5 {[%clk 1:30:52]} 2. Nf3 {[%clk 1:31:22]} Nc6
{[%clk 1:31:10]} 3. d4 {[%clk 1:31:45]} cxd4 {[%clk 1:30:55]} 4. Nxd4
{[%clk 1:32:09]} Nf6 {[%clk 1:31:39]} 5. Nc3 {[%clk 1:32:27]} e5 {[%clk 1:31:33]}
6. Ndb5 {[%clk 1:32:40]} d6 {[%clk 1:31:31]} 7. Bg5 {[%clk 1:30:40]} a6
{[%clk 1:31:14]} 8. Na3 {[%clk 1:31:02]} Be6 {[%clk 1:30:51]} 9. Nc4
{[%clk 1:21:55]} Rc8 {[%clk 1:30:36]} 10. Ne3 {[%clk 1:21:04]} Be7
{[%clk 1:30:12]} 11. Bxf6 {[%clk 1:17:37]} Bxf6 {[%clk 1:28:37]} 12. Ned5
{[%clk 1:17:53]} Bg5 {[%clk 1:26:21]} 13. g3 {[%clk 1:11:12]} O-O
{[%clk 1:23:43]} 14. h4 {[%clk 1:10:59]} Be7 {[%clk 1:22:16]} 15. Qd2
{[%clk 1:07:59]} Nd4 {[%clk 1:12:46]} 16. Nxe7+ {[%clk 1:00:53]} Qxe7
{[%clk 1:12:40]} 17. O-O-O {[%clk 0:59:19]} Bg4 {[%clk 1:09:37]} 18. Bh3
{[%clk 0:56:53]} Bxd1 {[%clk 1:04:52]} 19. Bxc8 {[%clk 0:57:11]} Bf3
{[%clk 1:04:27]} 20. Nd5 {[%clk 0:54:56]} Qd8 {[%clk 1:00:02]} 21. Re1
{[%clk 0:53:38]} f5 {[%clk 0:56:28]} 22. Bxf5 {[%clk 0:45:03]} Nxf5
{[%clk 0:52:32]} 23. exf5 {[%clk 0:45:16]} Rxf5 {[%clk 0:52:10]} 24. Qd3
{[%clk 0:42:04]} Rf7 {[%clk 0:40:35]} 25. Re3 {[%clk 0:36:31]} Qf8
{[%clk 0:34:01]} 26. Nc3 {[%clk 0:20:16]} Bc6 {[%clk 0:29:57]} 27. Nd1
{[%clk 0:15:28]} Bf3 {[%clk 0:25:29]} 28. Nc3 {[%clk 0:14:38]} Bc6
{[%clk 0:14:57]} 29. Nd1 {[%clk 0:14:53]} Rf5 {[%clk 0:13:55]} 30. c4
{[%clk 0:07:40]} b5 {[%clk 0:10:18]} 31. Kb1 {[%clk 0:06:31]} Kh8
{[%clk 0:07:01]} 32. cxb5 {[%clk 0:04:38]} Bxb5 {[%clk 0:07:09]} 33. Qd5
{[%clk 0:03:52]} Rf7 {[%clk 0:05:19]} 34. Rc3 {[%clk 0:02:15]} Be2
{[%clk 0:04:32]} 35. Qxf7 {[%clk 0:00:39]} Qxf7 {[%clk 0:04:31]} 36. Rc8+
{[%clk 0:01:05]} Qg8 {[%clk 0:04:53]} 37. Rxg8+ {[%clk 0:01:32]} Kxg8
{[%clk 0:05:19]} 38. Nc3 {[%clk 0:01:55]} Bf3 {[%clk 0:04:55]} 39. Kc1
{[%clk 0:02:10]} d5 {[%clk 0:04:04]} 40. Kd2 {[%clk 0:32:25]} d4 {[%clk 0:33:43]}
41. Na4 {[%clk 0:32:46]} Kf7 {[%clk 0:32:25]} 42. Nc5 {[%clk 0:32:35]} a5
{[%clk 0:31:53]} 43. Nb3 {[%clk 0:32:31]} a4 {[%clk 0:31:59]} 44. Nc5
{[%clk 0:32:52]} Bc6 {[%clk 0:32:06]} 45. Kd3 {[%clk 0:32:31]} Ke7
{[%clk 0:31:17]} 46. Kd2 {[%clk 0:26:19]} e4 {[%clk 0:29:17]} 47. b4
{[%clk 0:23:46]} axb3 {[%clk 0:28:50]} 48. Nxb3 {[%clk 0:24:08]} d3
{[%clk 0:28:32]} 49. Nd4 {[%clk 0:24:12]} Bb7 {[%clk 0:27:00]} 50. Ke3
{[%clk 0:24:08]} Kf6 {[%clk 0:25:33]} 51. f3 {[%clk 0:23:31]} Ke5
{[%clk 0:18:42]} 52. fxe4 {[%clk 0:23:50]} Bxe4 {[%clk 0:17:52]} 53. Nb3
{[%clk 0:24:02]} Kf5 {[%clk 0:17:09]} 54. Nc1 {[%clk 0:22:51]} d2
{[%clk 0:16:40]} 55. Kxd2 {[%clk 0:23:43]} Kg4 {[%clk 0:16:39]} 56. Ne2
{[%clk 0:24:04]} Kf3 1/2-1/2

[Event "MPJ_D16"]
[Site "?"]
[Date "2016.03.15"]
[Round "3.16"]
[White "Przepiora, Anna"]
[Black "Piwowarczyk, Julia"]
[Result "1-0"]
[BlackElo "1903"]
[WhiteElo "1243"]
[LiveChessVersion "1.4.8"]

1. e4 {[%clk 1:30:58]} c6 {[%clk 1:30:50]} 2. d4 {[%clk 1:31:20]} d5
{[%clk 1:31:15]} 3. Nc3 {[%clk 1:31:28]} dxe4 {[%clk 1:31:30]} 4. Nxe4
{[%clk 1:31:46]} Bf5 {[%clk 1:31:47]} 5. Ng3 {[%clk 1:31:56]} Bg6
{[%clk 1:32:11]} 6. h4 {[%clk 1:30:54]} h6 {[%clk 1:31:41]} 7. h5
{[%clk 1:31:05]} Bh7 {[%clk 1:32:04]} 8. Nf3 {[%clk 1:31:10]} Nd7
{[%clk 1:31:53]} 9. Bd3 {[%clk 1:30:55]} Bxd3 {[%clk 1:32:08]} 10. Qxd3
{[%clk 1:31:16]} e6 {[%clk 1:32:27]} 11. Bf4 {[%clk 1:30:05]} Ngf6
{[%clk 1:31:03]} 12. c4 {[%clk 1:29:38]} Nb6 {[%clk 1:23:50]} 13. O-O
{[%clk 1:28:16]} c5 {[%clk 1:12:58]} 14. Rad1 {[%clk 1:25:02]} Bd6
{[%clk 1:07:27]} 15. Bxd6 {[%clk 1:21:42]} Qxd6 {[%clk 1:07:49]} 16. Rfe1
{[%clk 1:20:19]} O-O-O {[%clk 1:03:20]} 17. b4 {[%clk 1:19:20]} Nbd7
{[%clk 0:50:00]} 18. dxc5 {[%clk 1:18:26]} Qc7 {[%clk 0:39:36]} 19. Qd6
{[%clk 1:16:51]} Nb8 {[%clk 0:37:17]} 20. Qxc7+ {[%clk 1:16:29]} Kxc7
{[%clk 0:37:38]} 21. Ne5 {[%clk 1:14:58]} Rhf8 {[%clk 0:37:49]} 22. Rxd8
{[%clk 1:14:45]} Kxd8 {[%clk 0:38:09]} 23. Rd1+ {[%clk 1:15:01]} Nfd7
{[%clk 0:37:06]} 24. Ne4 {[%clk 1:11:57]} Ke7 {[%clk 0:35:12]} 25. Nxd7
{[%clk 1:11:04]} Nxd7 {[%clk 0:35:34]} 26. Nd6 {[%clk 1:08:55]} Rb8
{[%clk 0:35:33]} 27. Nxb7 {[%clk 1:04:56]} Rc8 {[%clk 0:21:38]} 28. Nd6
{[%clk 1:03:18]} Rc7 {[%clk 0:20:03]} 29. Nb5 {[%clk 1:03:10]} Rc6
{[%clk 0:19:05]} 30. Rd6 {[%clk 1:01:12]} Ne5 {[%clk 0:15:47]} 31. f4
{[%clk 0:59:44]} Rxd6 {[%clk 0:13:08]} 32. cxd6+ {[%clk 1:00:04]} Kd7
{[%clk 0:13:32]} 33. fxe5 {[%clk 1:00:25]} f6 {[%clk 0:13:37]} 34. exf6
{[%clk 1:00:41]} gxf6 {[%clk 0:14:05]} 35. c5 {[%clk 1:00:45]} 1-0

[Event "MPJ_D16"]
[Site "?"]
[Date "2016.03.15"]
[Round "3.17"]
[White "Kostecka, Marika"]
[Black "Luka, Agnieszka"]
[Result "1-0"]
[BlackElo "1313"]
[WhiteElo "1775"]
[LiveChessVersion "1.4.8"]

1. e4 {[%clk 1:30:52]} d6 {[%clk 1:30:16]} 2. d4 {[%clk 1:31:15]} g6
{[%clk 1:30:30]} 3. Nc3 {[%clk 1:31:29]} Bg7 {[%clk 1:30:08]} 4. Be2
{[%clk 1:30:51]} Nf6 {[%clk 1:28:07]} 5. Bg5 {[%clk 1:31:09]} Nbd7
{[%clk 1:27:59]} 6. Qd2 {[%clk 1:29:52]} O-O {[%clk 1:27:44]} 7. O-O-O
{[%clk 1:18:19]} e5 {[%clk 1:27:09]} 8. dxe5 {[%clk 1:14:05]} Nxe5
{[%clk 1:26:33]} 9. f4 {[%clk 1:09:11]} Nc6 {[%clk 1:26:01]} 10. e5
{[%clk 0:58:22]} dxe5 {[%clk 1:26:02]} 11. Qxd8 {[%clk 0:58:47]} Nxd8
{[%clk 1:26:05]} 12. fxe5 {[%clk 0:58:46]} Nd7 {[%clk 1:26:03]} 13. Nd5
{[%clk 0:56:53]} Ne6 {[%clk 1:24:12]} 14. Ne7+ {[%clk 0:50:01]} Kh8
{[%clk 1:24:23]} 15. Nxc8 {[%clk 0:48:21]} Raxc8 {[%clk 1:24:04]} 16. Be7
{[%clk 0:48:35]} Nxe5 {[%clk 1:17:07]} 17. Bxf8 {[%clk 0:48:59]} Rxf8
{[%clk 1:17:23]} 18. g3 {[%clk 0:47:30]} Nc6 {[%clk 1:16:26]} 19. c3
{[%clk 0:46:33]} Bh6+ {[%clk 1:13:48]} 20. Kb1 {[%clk 0:46:41]} Kg7
{[%clk 1:13:55]} 21. Nf3 {[%clk 0:46:29]} Re8 {[%clk 1:13:18]} 22. Bc4
{[%clk 0:42:34]} Ng5 {[%clk 1:09:06]} 23. Nd4 {[%clk 0:32:40]} Ne4
{[%clk 1:07:08]} 24. Nxc6 {[%clk 0:24:26]} bxc6 {[%clk 1:07:10]} 25. Rhf1
{[%clk 0:20:33]} Nd2+ {[%clk 1:02:19]} 26. Rxd2 {[%clk 0:20:58]} Bxd2
{[%clk 1:02:39]} 27. Rxf7+ {[%clk 0:21:19]} Kh6 {[%clk 1:02:16]} 28. Rxc7
{[%clk 0:21:22]} Re1+ {[%clk 1:01:23]} 29. Kc2 {[%clk 0:21:47]} Be3
{[%clk 1:01:09]} 30. Rxc6 {[%clk 0:18:16]} Rh1 {[%clk 0:59:38]} 31. Kd3
{[%clk 0:16:40]} Bb6 {[%clk 0:59:41]} 32. Bd5 {[%clk 0:13:43]} Rxh2
{[%clk 0:59:23]} 33. b4 {[%clk 0:13:35]} Rh3 {[%clk 0:59:28]} 34. c4
{[%clk 0:13:45]} Rxg3+ {[%clk 0:59:21]} 35. Kc2 {[%clk 0:14:08]} Bf2
{[%clk 0:54:22]} 36. c5 {[%clk 0:13:37]} Kg5 {[%clk 0:52:52]} 37. b5
{[%clk 0:09:33]} h5 {[%clk 0:51:28]} 38. b6 {[%clk 0:07:03]} axb6
{[%clk 0:50:34]} 39. cxb6 {[%clk 0:07:28]} Bxb6 {[%clk 0:50:56]} 40. Rxb6
{[%clk 0:37:54]} h4 {[%clk 1:20:19]} 41. Rb3 {[%clk 0:35:17]} Rg1
{[%clk 1:18:55]} 42. Kb2 {[%clk 0:35:23]} Rd1 {[%clk 1:18:27]} 43. Bb7
{[%clk 0:33:26]} Rd4 {[%clk 1:17:39]} 44. Bc6 {[%clk 0:29:58]} Kg4
{[%clk 1:14:56]} 45. a4 {[%clk 0:28:45]} h3 {[%clk 1:15:01]} 46. a5
{[%clk 0:25:47]} h2 {[%clk 1:15:02]} 47. Ra3 {[%clk 0:26:09]} Rd1
{[%clk 1:15:16]} 48. Ra1 {[%clk 0:26:29]} Rd6 {[%clk 1:14:18]} 49. Bb7
{[%clk 0:25:43]} g5 {[%clk 1:12:51]} 50. a6 {[%clk 0:25:41]} Rxa6
{[%clk 1:13:16]} 51. Rxa6 {[%clk 0:25:52]} Kh4 {[%clk 1:13:20]} 52. Rh6+
{[%clk 0:26:07]} Kg3 {[%clk 1:13:43]} 53. Kc2 {[%clk 0:26:03]} g4
{[%clk 1:13:40]} 54. Kd2 {[%clk 0:26:11]} Kf4 {[%clk 1:13:31]} 55. Rxh2
{[%clk 0:26:36]} 1-0

[Event "MPJ_D16"]
[Site "?"]
[Date "2016.03.15"]
[Round "3.18"]
[White "Surpeta, Julia"]
[Black "Waszkowiak, Kinga"]
[Result "1-0"]
[BlackElo "1044"]
[WhiteElo "1339"]
[LiveChessVersion "1.4.8"]

1. e4 {[%clk 1:30:50]} c5 {[%clk 1:30:39]} 2. d3 {[%clk 1:30:56]} g6
{[%clk 1:30:02]} 3. f4 {[%clk 1:29:21]} Bg7 {[%clk 1:30:01]} 4. Nf3
{[%clk 1:29:25]} Nc6 {[%clk 1:29:15]} 5. c3 {[%clk 1:28:37]} Nf6 {[%clk 1:27:58]}
6. Be2 {[%clk 1:26:54]} d6 {[%clk 1:26:47]} 7. Bd2 {[%clk 1:24:01]} Rb8
{[%clk 1:25:59]} 8. Qc2 {[%clk 1:23:09]} Bg4 {[%clk 1:20:43]} 9. O-O
{[%clk 1:21:41]} b5 {[%clk 1:19:11]} 10. h3 {[%clk 1:17:51]} Bxf3
{[%clk 1:18:24]} 11. Bxf3 {[%clk 1:18:13]} Qc7 {[%clk 1:15:30]} 12. d4
{[%clk 1:13:42]} e6 {[%clk 1:13:20]} 13. Be3 {[%clk 1:09:22]} Nd7
{[%clk 1:10:24]} 14. e5 {[%clk 1:09:19]} a5 {[%clk 1:06:33]} 15. exd6
{[%clk 1:09:36]} Qxd6 {[%clk 1:06:38]} 16. dxc5 {[%clk 1:10:01]} Qc7
{[%clk 1:02:57]} 17. Nd2 {[%clk 1:07:52]} Ne7 {[%clk 0:58:08]} 18. Ne4
{[%clk 1:03:55]} Nf5 {[%clk 0:56:49]} 19. Bf2 {[%clk 1:02:55]} Qxf4
{[%clk 0:53:48]} 20. c6 {[%clk 0:59:04]} Ne5 {[%clk 0:45:35]} 21. Bc5
{[%clk 0:54:25]} Qh4 {[%clk 0:34:58]} 22. Nd6+ {[%clk 0:46:04]} Nxd6
{[%clk 0:34:28]} 23. Bxd6 {[%clk 0:46:26]} Nxf3+ {[%clk 0:30:55]} 24. Rxf3
{[%clk 0:46:43]} Rc8 {[%clk 0:28:14]} 25. c7 {[%clk 0:43:56]} Bd4+
{[%clk 0:22:41]} 26. Kh1 {[%clk 0:44:18]} Bb6 {[%clk 0:22:30]} 27. Qe2
{[%clk 0:44:05]} Qg5 {[%clk 0:21:07]} 28. Raf1 {[%clk 0:40:16]} Bxc7
{[%clk 0:19:47]} 29. Rxf7 {[%clk 0:39:21]} Bxd6 {[%clk 0:13:35]} 30. Qxe6+
{[%clk 0:39:42]} Be7 {[%clk 0:12:35]} 31. Qxc8+ {[%clk 0:40:04]} Bd8
{[%clk 0:12:55]} 32. Qd7# 1-0